Sand colonization and initiation of soil development by cyanobacteria and algae

Bibliographic Details
Main Authors: Rahmonov, Oimahmad (Author), Piątek, Jolanta (Author)
Format: Article
Language:Slovak
English
PhysicalDescription:Obr., tab.
ISSN:1335-342X
Subjects:

MARC

LEADER 00000nab a2200000 a 4500
001 vtls009163012
003 SK-MaSNL
005 20260426085227.0
008 250507c2007 xo |||||||||||000 b|slo
015 |a SNBRB2007/11  |2 snkbucl 
035 |a (uuid)4bf6f7f3-2c86-4061-b9ef-ee374112d58f 
035 |a urn:nbn:sk:snk-ab9y7t 
035 |a (urnnbn)urn:nbn:sk:snk:ar-a094bq 
038 |a SNKBUCL 
040 |a SNKBUCL  |b slo  |c SNKBUCL  |e AACR2 
041 0 |a eng  |b eng 
044 |a xo  |c SK 
080 |a 631.466  |x (438)  |2 1997 
080 |a 631.484  |x (438)  |2 1997 
100 1 |a Rahmonov, Oimahmad  |4 aut  |9 1149421 
245 1 0 |a Sand colonization and initiation of soil development by cyanobacteria and algae  |c Oimahmad Rahmonov, Jolanta Piątek 
300 |b Obr., tab. 
504 |a Bibliogr. odkazy 
546 |a Res. angl. 
650 0 7 |a piesok  |2 snkbucl  |9 883651 
650 0 7 |a cyanobaktérie  |2 snkbucl  |9 511344 
650 0 7 |a riasy  |2 snkbucl  |9 3712 
650 0 7 |a pôda  |2 snkbucl  |9 1159 
650 0 7 |a vývoj  |2 snkbucl  |9 276727 
650 0 7 |a živiny  |2 snkbucl  |9 15431 
651 7 |a Poľsko južné  |2 snkbucl  |9 93711 
700 1 |a Piątek, Jolanta  |4 aut  |9 1479226 
773 0 |t Ekológia = Ecology  |g Vol. 26, No. 1 (2007), s. 52-63  |x 1335-342X 
850 |a Slovenská národná knižnica 
852 |a Slovenská národná knižnica 
958 |a article13 
958 |a OND 
958 |a NB 
958 |a PL 
958 |a EUIPO 
999 |c 2957913  |d 2959843